[Event "ARA Cto de Aragon por Equipos Division de Honor Global"]
[Site "Aragon"]
[Date "2021.06.05"]
[Round "10.1"]
[White "Forcen Esteban, Daniel"]
[Black "Adla, Diego"]
[Result "1-0"]
[WhiteElo "2558"]
[BlackElo "2425"]
[PlyCount "0"]
[WhiteTeam "Jaime Casas"]
[BlackTeam "MyInvestor Casablanca"]
[EventDate "2021.03.13"]

1. d4 Nf6 2. c4 e6 3. Nf3 b6 4. a3 Ba6 5. Qc2 Bb7 6. Nc3 c5 7. e4 cxd4 8. Nxd4
Bc5 9. Nb3 Nc6 10. Bf4 Nh5 11. Nxc5 bxc5 12. Be3 Nd4 13. Qd1 O-O 14. Bxd4 cxd4
15. Qxd4 f5 16. e5 Qg5 17. h4 Qh6 18. Rg1 d6 19. exd6 e5 20. Qd2 f4 21. g4 fxg3
22. fxg3 Qg6 23. O-O-O Nxg3 24. Bd3 e4 25. Bc2 Rf3 26. d7 Rd8 27. Nd5 Kh8 28.
Kb1 Qg4 29. Qa5 Qxh4 30. Qc7 Bxd5 31. Rxd5 e3 32. Re5 e2 33. Re8+ Rf8 34. Qe5
h6 35. Rxg3 1-0

[Event "ARA Cto de Aragon por Equipos Division de Honor Global"]
[Site "Aragon"]
[Date "2021.06.05"]
[Round "10.3"]
[White "Antoli Royo, Joaquin Miguel"]
[Black "Quintin Navarro, Alberto"]
[Result "0-1"]
[WhiteElo "2423"]
[BlackElo "2394"]
[PlyCount "0"]
[WhiteTeam "Jaime Casas"]
[BlackTeam "MyInvestor Casablanca"]
[EventDate "2021.03.13"]



1. e4 {[%clk 01:30:39]} {[%emt 00:00:19]} e5 {[%clk 01:30:53]} {[%emt
00:00:09]} 2. Nf3 {[%clk 01:30:08]} {[%emt 00:00:59]} Nc6 {[%clk 01:31:15]}
{[%emt 00:00:08]} 3. Nc3 {[%clk 01:30:11]} {[%emt 00:00:28]} Nf6 {[%clk
01:31:05]} {[%emt 00:00:40]} 4. d4 {[%clk 01:30:25]} {[%emt 00:00:16]} exd4
{[%clk 01:31:27]} {[%emt 00:00:08]} 5. Nd5 {[%clk 01:30:49]} {[%emt 00:00:06]}
Nb4 {[%clk 01:30:59]} {[%emt 00:00:59]} 6. Nxf6+ {[%clk 01:30:35]} {[%emt
00:00:43]} Qxf6 {[%clk 01:29:10]} {[%emt 00:02:19]} 7. Bc4 {[%clk 01:30:48]}
{[%emt 00:00:17]} Bc5 {[%clk 01:22:07]} {[%emt 00:07:34]} 8. O-O {[%clk
01:30:53]} {[%emt 00:00:24]} O-O {[%clk 01:19:25]} {[%emt 00:03:12]} 9. e5
{[%clk 01:31:12]} {[%emt 00:00:11]} Qg6 {[%clk 01:10:23]} {[%emt 00:09:33]} 10.
a3 {[%clk 01:30:27]} {[%emt 00:01:15]} Nc6 {[%clk 01:10:32]} {[%emt 00:00:21]}
11. b4 {[%clk 01:14:00]} {[%emt 00:16:57]} Bb6 {[%clk 01:07:27]} {[%emt
00:03:35]} 12. b5 {[%clk 00:56:14]} {[%emt 00:18:16]} Ne7 {[%clk 01:05:20]}
{[%emt 00:02:37]} 13. Bd3 {[%clk 00:48:33]} {[%emt 00:08:11]} Qh5 {[%clk
01:02:42]} {[%emt 00:03:07]} 14. Re1 {[%clk 00:48:57]} {[%emt 00:00:06]} d5
{[%clk 00:58:19]} {[%emt 00:04:53]} 15. exd6 {[%clk 00:48:24]} {[%emt
00:01:03]} Ng6 {[%clk 00:58:36]} {[%emt 00:00:13]} 16. h3 {[%clk 00:39:15]}
{[%emt 00:09:39]} cxd6 {[%clk 00:48:35]} {[%emt 00:10:32]} 17. Bb2 {[%clk
00:39:43]} {[%emt 00:00:02]} Nf4 {[%clk 00:46:05]} {[%emt 00:03:00]} 18. a4
{[%clk 00:30:50]} {[%emt 00:09:24]} Nxg2 {[%clk 00:41:52]} {[%emt 00:04:42]} 19.
Re4 {[%clk 00:28:55]} {[%emt 00:02:25]} Bf5 {[%clk 00:31:43]} {[%emt 00:10:40]}
20. a5 {[%clk 00:22:00]} {[%emt 00:07:24]} Bc5 {[%clk 00:25:35]} {[%emt
00:06:38]} 21. Nxd4 {[%clk 00:20:32]} {[%emt 00:01:58]} Qxd1+ {[%clk 00:25:07]}
{[%emt 00:00:58]} 22. Rxd1 {[%clk 00:21:00]} {[%emt 00:00:02]} Bxe4 {[%clk
00:25:29]} {[%emt 00:00:09]} 23. Bxe4 {[%clk 00:21:23]} {[%emt 00:00:07]} Nf4
{[%clk 00:25:52]} {[%emt 00:00:07]} 24. Bxb7 {[%clk 00:21:03]} {[%emt
00:00:50]} Rab8 {[%clk 00:22:20]} {[%emt 00:04:02]} 25. a6 {[%clk 00:21:04]}
{[%emt 00:00:30]} Rbe8 {[%clk 00:18:17]} {[%emt 00:04:33]} 26. Kf1 {[%clk
00:19:25]} {[%emt 00:02:08]} Nxh3 {[%clk 00:14:08]} {[%emt 00:04:39]} 27. Nf5
{[%clk 00:17:01]} {[%emt 00:02:53]} Nxf2 {[%clk 00:13:08]} {[%emt 00:01:30]} 28.
Rd2 {[%clk 00:13:55]} {[%emt 00:03:36]} Ng4 {[%clk 00:10:22]} {[%emt 00:03:17]}
29. Rg2 {[%clk 00:11:25]} {[%emt 00:03:00]} h5 {[%clk 00:10:45]} {[%emt
00:00:07]} 30. Bxg7 {[%clk 00:10:47]} {[%emt 00:01:08]} Re6 {[%clk 00:11:07]}
{[%emt 00:00:08]} 31. Bd5 {[%clk 00:05:57]} {[%emt 00:05:20]} Rfe8 {[%clk
00:10:09]} {[%emt 00:01:28]} 32. Bc3 {[%clk 00:05:02]} {[%emt 00:01:25]} Kh7
{[%clk 00:08:57]} {[%emt 00:01:43]} 33. Rg3 {[%clk 00:03:32]} {[%emt 00:02:00]}
Re5 {[%clk 00:08:19]} {[%emt 00:01:08]} 34. Kg1 {[%emt 00:01:42]} 0-1

[Event "ARA Cto de Aragon por Equipos Division de Honor Global"]
[Site "Aragon"]
[Date "2021.06.05"]
[Round "10.5"]
[White "Cifuentes Parada, Roberto"]
[Black "Colom Sienes, Eduardo"]
[Result "1-0"]
[WhiteElo "2429"]
[BlackElo "2094"]
[PlyCount "0"]
[WhiteTeam "Jaque Pirenauto"]
[BlackTeam "Palacio de Pioneros B"]
[EventDate "2021.03.13"]

1. d4 d5 2. Nf3 Nc6 3. Bf4 Bg4 4. e3 e6 5. c4 Bb4+ 6. Nc3 Nf6 7. Rc1 O-O 8. a3
Bxc3+ 9. Rxc3 Re8 10. Be2 dxc4 11. Rxc4 Nd5 12. Bg3 Qe7 13. h3 Bh5 14. O-O Rad8
15. Rc5 Nf6 16. Qb3 Bxf3 17. Bxf3 Nd7 18. Rc2 Nb6 19. Rfc1 Qg5 20. Bxc7 Rc8 21.
Bxb6 axb6 22. Qxb6 Rb8 23. Bxc6 bxc6 24. Qxc6 f5 25. Qd6 Rbd8 26. Qe5 Rd5 27.
Qg3 Qf6 28. Rc8 Rxc8 29. Rxc8+ Kf7 30. Rc7+ Kf8 31. Rb7 e5 32. dxe5 Rxe5 33.
Qf4 g5 34. Qb4+ Kg8 35. Qc4+ 1-0

[Event "ARA Cto de Aragon por Equipos Division de Honor Global"]
[Site "Aragon"]
[Date "2021.06.05"]
[Round "10.6"]
[White "Gomez Salinas, Nestor"]
[Black "Escartin Lacasa, Jose"]
[Result "1-0"]
[WhiteElo "2021"]
[BlackElo "2111"]
[PlyCount "0"]
[WhiteTeam "Palacio de Pioneros B"]
[BlackTeam "Jaque Pirenauto"]
[EventDate "2021.03.13"]

1. e4 c5 2. Nf3 e6 3. d4 cxd4 4. Nxd4 Nf6 5. Nc3 Nc6 6. Ndb5 d6 7. Bf4 e5 8.
Be3 a6 9. Na3 b5 10. Nd5 Nxd5 11. exd5 Ne7 12. c4 Nf5 13. Bd2 bxc4 14. Nxc4 Bd7
15. Bd3 a5 16. O-O Be7 17. Qe1 Bb5 18. Nxe5 Bxd3 19. Nxd3 O-O 20. Qe4 g6 21.
Bc3 Bf6 22. Bxf6 Qxf6 23. Rfe1 Kg7 24. Rac1 Rfb8 25. Rc7 Re8 26. Qxe8 Rxe8 27.
Rxe8 Qd4 28. Rc3 Qxd5 29. a3 Nh4 30. Ne1 Qd2 31. Rc2 Qd1 32. h3 Nf5 33. Rc7 Nd4
34. Ree7 Kh6 35. Kf1 a4 36. Rcd7 Qd2 37. Rb7 d5 38. Re3 Kg7 39. h4 Qd1 40. Ree7
Kh6 41. g3 Nf3 42. Re3 Nd2+ 43. Kg2 Ne4 44. Rxf7 Qd2 45. Nd3 g5 46. hxg5+ Kxg5
47. Ref3 d4 48. Rxh7 Qe2 49. Rh5+ Kg4 50. Rhf5 Ng5 51. R3f4+ Kh5 52. Rh4+ 1-0

[Event "ARA Cto de Aragon por Equipos Division de Honor Global"]
[Site "Aragon"]
[Date "2021.06.05"]
[Round "10.7"]
[White "Ereza Vizcarra, Fernando"]
[Black "Castillo Sanjuan, Daniel"]
[Result "1-0"]
[WhiteElo "2103"]
[BlackElo "1965"]
[PlyCount "0"]
[WhiteTeam "Jaque Pirenauto"]
[BlackTeam "Palacio de Pioneros B"]
[EventDate "2021.03.13"]

1. d4 Nf6 2. Nf3 e6 3. g3 b5 4. Bg2 Bb7 5. O-O c5 6. c3 Be7 7. Bg5 O-O 8. Bxf6
Bxf6 9. Qd3 cxd4 10. cxd4 d5 11. Nbd2 b4 12. Nb3 Ba6 13. Qd2 Qb6 14. Nc5 Bb5
15. Rfe1 Na6 16. Rac1 Rac8 17. Nb3 Rc4 18. e3 Nb8 19. Nc5 a5 20. Bf1 Rxc1 21.
Rxc1 Bxf1 22. Kxf1 Be7 23. Ne5 h6 24. Qd3 Rc8 25. Nb3 Rxc1+ 26. Nxc1 f6 27. Ng6
Bd6 28. Qc2 Nc6 29. Nh4 Ne7 30. Nf3 e5 31. Ne2 e4 32. Nd2 Qa6 33. Nb3 Qb5 34.
Nc5 Nc6 35. Qb3 Qc4 36. Qxc4 dxc4 37. Nxe4 Bf8 38. Nd2 b3 39. axb3 cxb3 40.
Nxb3 Bb4 41. Nf4 Kf7 42. Nd3 Bd6 43. Ke2 Ke7 44. d5 Nb4 45. Nxa5 Nxd5 46. Nc6+
Kd7 47. Nd4 g6 48. h4 Nb6 49. g4 Nc4 50. e4 g5 51. h5 Bf8 52. Nf5 1-0

[Event "ARA Cto de Aragon por Equipos Division de Honor Global"]
[Site "Aragon"]
[Date "2021.06.05"]
[Round "10.8"]
[White "Palacios Herrero, Pablo"]
[Black "Villuendas Valero, Adrian"]
[Result "1/2-1/2"]
[WhiteElo "2243"]
[BlackElo "2249"]
[PlyCount "0"]
[WhiteTeam "Palacio de Pioneros A"]
[BlackTeam "El Olivar"]
[EventDate "2021.03.13"]

1. e4 e6 2. d4 d5 3. e5 c5 4. c3 Qb6 5. Nf3 Nc6 6. a3 c4 7. Nbd2 Bd7 8. b3 cxb3
9. Nxb3 Na5 10. Nxa5 Qxa5 11. Bd2 Qa4 12. Qb1 b6 13. Bd3 h6 14. O-O Ne7 15. Re1
Nc8 16. h4 b5 17. Nh2 Nb6 18. f4 Be7 19. f5 O-O-O 20. f6 gxf6 21. exf6 Bd6 22.
Nf3 Nc4 23. Bc1 Rdg8 24. Bh7 Rg4 25. Bxh6 Qa5 26. Rc1 Bf4 27. Bxf4 Rxf4 28. Bd3
Qc7 29. Rf1 Rg4 30. Qe1 Rhg8 31. Ng5 Rh8 32. Bxc4 dxc4 33. Qe5 Bc6 34. Qxc7+
Kxc7 35. Ra2 Rf8 36. Re2 Kd7 37. Nf3 Bxf3 38. Rxf3 Rxh4 39. Re5 a6 40. a4 Rb8
41. axb5 Rxb5 42. Re2 Rhh5 43. Ra2 Ra5 44. Rff2 Rhg5 45. Kh2 Rh5+ 46. Kg1 Rhb5
47. Kh2 Rh5+ 1/2-1/2

[Event "ARA Cto de Aragon por Equipos Division de Honor Global"]
[Site "Aragon"]
[Date "2021.06.05"]
[Round "10.9"]
[White "Hernando Garcia, Antonio"]
[Black "Romero Pallares, Daniel"]
[Result "1/2-1/2"]
[WhiteElo "2097"]
[BlackElo "2203"]
[PlyCount "0"]
[WhiteTeam "El Olivar"]
[BlackTeam "Palacio de Pioneros A"]
[EventDate "2021.03.13"]

1. c4 Nf6 2. Nf3 b6 3. g3 Bb7 4. Bg2 e6 5. O-O Be7 6. Nc3 O-O 7. d4 Ne4 8. Nxe4
Bxe4 9. Nh4 Bxg2 10. Nxg2 d5 11. Qa4 Qd7 12. Qxd7 Nxd7 13. cxd5 exd5 14. Nf4 c6
15. Be3 Nf6 16. Rac1 Rac8 17. Nd3 Ng4 18. Bd2 c5 19. dxc5 bxc5 20. h3 Nf6 21.
Bg5 c4 22. Nf4 Rfd8 23. e3 h6 24. Bxf6 Bxf6 25. Rc2 Rb8 26. Rb1 Rd6 27. b3 g5
28. Nh5 Bh8 29. Rbc1 cxb3 30. axb3 Rd7 31. Rc8+ Rxc8 32. Rxc8+ Kh7 33. Rc6 d4
34. exd4 Bxd4 35. Nf6+ Bxf6 36. Rxf6 Rb7 37. Ra6 1/2-1/2

[Event "ARA Cto de Aragon por Equipos Division de Honor Global"]
[Site "Aragon"]
[Date "2021.06.05"]
[Round "10.10"]
[White "Iglesias Fernandez, Luis"]
[Black "Galstyan, David"]
[Result "1-0"]
[WhiteElo "1847"]
[BlackElo "1816"]
[PlyCount "0"]
[WhiteTeam "Palacio de Pioneros A"]
[BlackTeam "El Olivar"]
[EventDate "2021.03.13"]

1. e4 e5 2. Nf3 Nc6 3. Bb5 Nd4 4. Nxd4 exd4 5. Bc4 Be7 6. c3 dxc3 7. Qb3 Nh6 8.
bxc3 O-O 9. d4 Ng4 10. O-O Nf6 11. Nd2 c6 12. e5 Ne8 13. f4 d5 14. Bd3 f5 15.
Ba3 b5 16. Bxe7 Qxe7 17. Qb4 Qxb4 18. cxb4 Nc7 19. Nb3 Ne6 20. Rac1 Bd7 21. Nc5
Nxc5 22. dxc5 Rfc8 23. Rfe1 Be6 24. a4 a6 25. axb5 axb5 26. Ra1 g6 27. Kf2 Kf7
28. Ke3 h6 29. h4 h5 30. Kd4 Ke7 31. Kc3 Rd8 32. Ra5 d4+ 33. Kb2 Rxa5 34. bxa5
Ra8 35. Ra1 Bc4 36. Bxc4 bxc4 37. a6 Ke6 38. a7 Kd5 39. Ra5 Ke6 40. Ka3 d3 41.
Kb2 d2 42. Kc2 c3 43. Ra1 Kd5 44. Kxc3 Rxa7 45. Rxa7 d1=N+ 46. Kb3 Ne3 47. Rd7+
Kxc5 48. e6 1-0

[Event "ARA Cto de Aragon por Equipos Division de Honor Global"]
[Site "Aragon"]
[Date "2021.06.05"]
[Round "10.11"]
[White "Munoz Valles, Jorge"]
[Black "Caballero Ortin, Jorge"]
[Result "1-0"]
[WhiteElo "1668"]
[BlackElo "1677"]
[PlyCount "0"]
[WhiteTeam "El Olivar"]
[BlackTeam "Palacio de Pioneros A"]
[EventDate "2021.03.13"]


1. d4 d5 2. c4 e6 3. Nc3 Nf6 4. cxd5 exd5 5. Bg5 c6 6. Qc2 Be7 7. e3 Ne4 8.
Bxe7 Qxe7 9. Nxd5 cxd5 10. Qxc8+ Qd8 11. Bb5+ Nc6 12. Qxb7 Qa5+ 13. Kf1 O-O 14.
Qxc6 Qd2 15. Ne2 Rac8 16. Qxd5 Qxb2 17. Rd1 Nd2+ 18. Kg1 Rfd8 19. Qf5 g6 20.
Qd3 Rc2 21. g3 a6 22. Bxa6 Nf3+ 23. Kg2 Ne5 24. Qb5 Qxb5 25. Bxb5 1-0

[Event "ARA Cto de Aragon por Equipos Division de Honor Global"]
[Site "Aragon"]
[Date "2021.06.05"]
[Round "10.12"]
[White "Llanes Luno, Ricardo"]
[Black "Garza Marco, Sergio"]
[Result "1/2-1/2"]
[WhiteElo "2199"]
[BlackElo "2399"]
[PlyCount "0"]
[WhiteTeam "Delicias"]
[BlackTeam "Helios"]
[EventDate "2021.03.13"]

1. e4 e6 2. d4 d5 3. Nc3 Nf6 4. Bg5 Bb4 5. e5 h6 6. Bd2 Bxc3 7. bxc3 Ne4 8. Bd3
Nxd2 9. Qxd2 c5 10. h4 Nc6 11. Nf3 Bd7 12. Rb1 c4 13. Be2 Rb8 14. O-O b5 15. h5
a5 16. a3 Qe7 17. Ra1 O-O 18. g3 Kh7 19. Nh4 b4 20. axb4 axb4 21. cxb4 Qxb4 22.
c3 Qb2 23. Qe3 Rb3 24. Rfc1 Rxc3 25. Qxc3 Qxe2 26. Nf3 Qe4 27. Qc2 Qxc2 28.
Rxc2 Rb8 29. Rc3 Rb2 30. Kg2 Nb4 31. Ne1 Bb5 32. Rf3 Na2 33. Ra3 Nb4 34. Ra8 c3
35. R1a7 Be2 36. Rxf7 Bxh5 37. Rc7 c2 38. Raa7 Kh8 39. Rc8+ Kh7 40. Rac7 Bg6
41. Kf3 Be4+ 42. Ke3 Rb1 43. Nxc2 Rb3+ 44. Ke2 Rb2 45. Kd1 Nxc2 46. Rxc2 Rxc2
47. Rxc2 Bxc2+ 48. Kxc2 Kg6 49. Kd3 h5 50. Ke3 Kf5 51. f3 g5 52. Kf2 g4 53. Ke3
gxf3 54. Kxf3 Kg5 55. Kf2 Kg4 1/2-1/2

[Event "ARA Cto de Aragon por Equipos Division de Honor Global"]
[Site "Aragon"]
[Date "2021.06.05"]
[Round "10.13"]
[White "Calvo Simon, Jorge"]
[Black "Llanes Luno, Pedro Alfredo"]
[Result "1-0"]
[WhiteElo "2188"]
[BlackElo "2005"]
[PlyCount "0"]
[WhiteTeam "Helios"]
[BlackTeam "Delicias"]
[EventDate "2021.03.13"]

1. c4 c5 2. Nf3 Nc6 3. d4 cxd4 4. Nxd4 g6 5. e4 Bg7 6. Be3 Nf6 7. Nc3 O-O 8.
Be2 b6 9. O-O Bb7 10. f3 e6 11. Ndb5 d5 12. cxd5 exd5 13. exd5 Nb4 14. d6 Nfd5
15. Nxd5 Nxd5 16. Bd4 Bxd4+ 17. Qxd4 Qg5 18. g3 Rae8 19. Rae1 Ne3 20. f4 Qd8
21. Bc4 Nxc4 22. Qxc4 a6 23. Rxe8 Qxe8 24. Nc3 Qe3+ 25. Rf2 b5 26. Qe2 Qb6 27.
Qd2 Qc6 28. Kf1 Rd8 29. f5 Rxd6 30. Qf4 b4 31. fxg6 Qh1+ 32. Ke2 Re6+ 33. Kd3
f6 34. gxh7+ Kh8 35. Qxb4 Qe1 36. Qf8+ Kxh7 37. Qf7+ Kh8 38. Qf8+ Kh7 39. Rf4
Qe3+ 40. Kc2 Be4+ 41. Nxe4 Rc6+ 42. Nc3 Qe2+ 43. Kb3 Qe6+ 44. Ka3 Qe5 45. Qf7+
Kh6 46. Rh4+ Kg5 47. Qh5# 1-0

[Event "ARA Cto de Aragon por Equipos Division de Honor Global"]
[Site "Aragon"]
[Date "2021.06.05"]
[Round "10.14"]
[White "Molina Pastor, Francisco"]
[Black "Cerrajeria Ruiz, Jesus Maria"]
[Result "1/2-1/2"]
[WhiteElo "2024"]
[BlackElo "2125"]
[PlyCount "0"]
[WhiteTeam "Delicias"]
[BlackTeam "Helios"]
[EventDate "2021.03.13"]

1. Nf3 c5 2. e3 Nf6 3. d4 g6 4. Be2 Bg7 5. O-O O-O 6. c4 cxd4 7. exd4 d5 8. h3
b6 9. Nc3 Bb7 10. Bf4 e6 11. Rc1 dxc4 12. Bxc4 Nc6 13. d5 Na5 14. Be2 Nxd5 15.
Nxd5 Bxd5 16. b4 Nc6 17. Qa4 Qf6 18. b5 Nd4 19. Qxd4 Qxd4 20. Nxd4 Bxd4 21. Rc7
e5 22. Bh6 Rfc8 23. Rfc1 Bc5 24. Rd7 Be6 25. Rb7 Bf8 26. Be3 Rxc1+ 27. Bxc1
Bxa2 28. Rc7 Be6 29. Be3 Bd6 30. Rc6 Bf8 31. Rc7 Bd5 32. Rd7 Be4 33. Bc4 Bf5
34. Rxf7 Rc8 35. Rxf5+ Rxc4 36. Rxe5 Kf7 37. Rd5 Ke6 38. Rd8 Bd6 39. g4 Rc7 40.
Kg2 Bc5 41. Bf4 Rf7 42. Bg3 Rf8 43. Rxf8 Bxf8 44. Bb8 Kd5 45. Bxa7 Kc5 46. f4
Bd6 47. Kf3 Kxb5 48. f5 Ka6 49. Bxb6 Kxb6 50. h4 Kc6 51. fxg6 hxg6 52. g5 Kd5
53. Kg4 1/2-1/2

[Event "ARA Cto de Aragon por Equipos Division de Honor Global"]
[Site "Aragon"]
[Date "2021.06.05"]
[Round "10.15"]
[White "Lorente Melcon, Maximo"]
[Black "Gaspar Calvo, Luis Alberto"]
[Result "1-0"]
[WhiteElo "1838"]
[BlackElo "1901"]
[PlyCount "0"]
[WhiteTeam "Helios"]
[BlackTeam "Delicias"]
[EventDate "2021.03.13"]

1. e4 c5 2. Nc3 g6 3. Bc4 Nc6 4. f4 Bg7 5. d3 e6 6. Nf3 Nge7 7. a4 O-O 8. O-O
d5 9. Ba2 dxe4 10. dxe4 Qxd1 11. Nxd1 Nb4 12. Bb1 Rd8 13. Nf2 b6 14. c3 Nbc6
15. Bc2 Ba6 16. Re1 c4 17. Be3 e5 18. fxe5 Nxe5 19. Nxe5 Bxe5 20. Ng4 Nc6 21.
Rf1 Bg7 22. Bf4 h5 23. Ne3 Ne5 24. a5 Nd3 25. Nd5 Nxf4 26. Rxf4 Be5 27. Rf2 Bb7
28. Ne7+ Kg7 29. a6 Bc8 30. Nc6 Re8 31. Raf1 f6 32. Nxe5 Rxe5 33. Rxf6 Bf5 34.
Rd6 Bxe4 35. Re1 Rae8 36. Bxe4 Rxe4 37. Rxe4 Rxe4 38. Rd7+ Kf6 39. Rxa7 Re1+
40. Kf2 Rb1 41. Ra8 Rxb2+ 42. Ke3 Kg7 43. a7 Ra2 44. Kd4 Ra5 45. Kxc4 g5 46.
Kb4 h4 47. h3 Kh7 48. c4 Ra2 49. Kb5 Rb2+ 50. Kc6 Ra2 51. Kb7 1-0

[Event "ARA Cto de Aragon por Equipos Division de Honor Global"]
[Site "Aragon"]
[Date "2021.06.05"]
[Round "10.17"]
[White "Pellicer Cerezuela, Miguel"]
[Black "Carraminana Lopez, Luis Antonio"]
[Result "1-0"]
[WhiteElo "2029"]
[BlackElo "1922"]
[PlyCount "0"]
[WhiteTeam "L'Aurora"]
[BlackTeam "Teruel"]
[EventDate "2021.03.13"]

1. d4 Nf6 2. Nf3 e6 3. e3 c5 4. Bd3 d5 5. 0-0 Bd6 6. Nbd2 0-0 7. b3 b6 8. Bb2 Ba6 
9. c4 Nc6 10. Ne5 Nb4 11. Bb1 Rc8 12. f4 b5 13. Rf3 cxd4 14. Rh3 d3 15. Nxd3 g6 
16. cxb5 Bxb5 17. Ne5 Ne4 18. Ng4 Nc3 19. Nc4 dxc4 20. Bxc3 f6 21. Qd4 Nd5 22. Bxg6 
hxg6 23. Qe4 Qe8 24. Bd4 Rc7 25. f5 gxf5 26. Nh6+ Kg7 27. Nxf5+ exf5 28. Qxd5 Be5 
29. Rc1 c3 30. Qf3 Bd3 31. Rg3+ Bxg3 32. Qxg3+ Qg6 33. Qxc7+ Rf7 34. Qxc3 Be4 35. 
Qd2 Kh7 36. Qf2 Qg5 37. g3 Kg7 38. h3 Kg6 39. Rc8 Kg7 40. Qf4 Qh5 41. Qf1 Qg5 42. 
Kh2 Qh5 43. Rc1 Kg6 44. b4 Rh7 45. b5 Rb7 46. a4 Rh7 47. Rc8 Qg4 48. Rg8+  1-0

[Event "ARA Cto de Aragon por Equipos Division de Honor Global"]
[Site "Aragon"]
[Date "2021.06.05"]
[Round "10.18"]
[White "Arpa Pardos, Emilio"]
[Black "Felez Casedas, Carlos"]
[Result "1-0"]
[WhiteElo "1905"]
[BlackElo "1976"]
[PlyCount "0"]
[WhiteTeam "Teruel"]
[BlackTeam "L'Aurora"]
[EventDate "2021.03.13"]


1. Nf3 d5 2. d4 c6 3. c4 e6 4. Nc3 f5 5. Bg5 Nf6 6. cxd5 cxd5 7. Rc1 Bd6 8. Nb5 Nc6 
9. Qa4 0-0 10. Nxd6 Qxd6 11. e3 Bd7 12. Bf4 Qe7 13. Bb5 a6 14. Bxc6 Bxc6 15. Qa5 
Bb5 16. a4 Rac8 17. Rc3 Ne4 18. axb5 Nxc3 19. bxc3 axb5 20. 0-0 Ra8 21. Qxb5 Rfc8 
22. Rc1 Qa3 23. e4 Rxc3 24. Rxc3 Qxc3 25. h3 fxe4 26. Ne5 Qe1+ 27. Kh2 Qxf2 28. 
Bg3 Qf5 29. Qxb7 Rf8 30. Nd7 Re8 31. Nb8 h6 32. Nc6 Qf7 33. Qb5 Qd7 34. Qc5 Kh7 
35. Ne5 Qe7 36. Qc2 Kg8 37. Qe2 Ra8 38. Qg4 Ra2 39. Qf4 Qf6 40. Qg4 Qf1 41. Qxe6+ 
Kh8 42. Qe8+ Kh7 43. Qg6+ Kg8 44. Bh4 Qf4+ 45. Qg3 Qxg3+ 46. Bxg3 Rd2 47. Nc6 Kf7 
48. Bf4 Rc2 49. Na7  1-0

[Event "ARA Cto de Aragon por Equipos Division de Honor Global"]
[Site "Aragon"]
[Date "2021.06.05"]
[Round "10.20"]
[White "Abril Avellanas, Eduardo"]
[Black "Arrieta Restrepo, Steven"]
[Result "1-0"]
[WhiteElo "2159"]
[BlackElo "2052"]
[PlyCount "0"]
[WhiteTeam "Atletismo Huesca"]
[BlackTeam "Monzon"]
[EventDate "2021.03.13"]


1. Nf3 c5  2. c4 Nc6 3. g3 g6 4. Bg2 Bg7 5. O-O e6 6. Nc3 Nge7 
7. a3 O-O 8. Rb1 d5 9. cxd5 exd5 10. d3 h6 11. Bd2 Be6 12. b4 cxb4 13. axb4 Kh7 14. Na4 b6 15. b5 Nd4 
16. Nxd4 Bxd4 17. Bb4 Rc8 18. Qd2 Bg7 19. e3 Qd7 20. d4 Rc7 21. Nc3 Rfc8 22. Rb3 Bf6 23. Ra1 Kg7 
24. Rba3 Nf5 25. Qa2 Be7 26. Bxe7 Nxe7 27. Qb2 Qd6 28. e4 Kh7 29. h4 h5 30. Qd2 Qd8 31. Kh2 Qd6 
32. exd5 Nxd5 33. Ne4 Qe7 34. Ng5+ Kg8 35. Be4 Nf6 36. Qf4 Nxe4 37. Nxe4 Kf8 38. Nf6 Kg7 39. Rf3 1-0

[Event "ARA Cto de Aragon por Equipos Division de Honor Global"]
[Site "Aragon"]
[Date "2021.06.05"]
[Round "10.21"]
[White "Barranco Mananet, Fernando"]
[Black "Luis Vitalla, Fernando"]
[Result "1-0"]
[WhiteElo "1969"]
[BlackElo "2123"]
[PlyCount "0"]
[WhiteTeam "Monzon"]
[BlackTeam "Atletismo Huesca"]
[EventDate "2021.03.13"]

1. e4 d5 2. exd5 Qxd5 3. c4 Qe4+ 4. Qe2 Qxe2+ 5. Bxe2 Nc6 6. Nf3 e5 7. Nc3 Bg4 
8. b3 O-O-O 9. Bb2 Nf6 10. O-O-O Bc5 11. Ng5 Bxe2 12. Nxe2 Rd7 13. f4 Nd4 14. Nxd4 exd4 15. Rhe1 h6 16. Ne4 Be7 17. Kc2 Nxe4 
18. Rxe4 Bf6 19. Kd3 Rhd8 20. Rde1 c5 21. Ba3 Rc7 22. b4 cxb4 23. Bxb4 Kd7 24. Be7 Rdc8 25. Bxf6 gxf6 26. Rxd4+ Kc6 
27. Rd5 Rd7 28. Rxd7 Kxd7 29. Kd4 Rc6 30. d3 Ra6 31. Re2 Ra5 32. g3 Kd6 33. Rb2 b6 34. Rb5 Rxa2 35. Rh5 a5 
36. Rxh6 Ke7 37. Rh5 f5 38. Rxf5 Rxh2 39. Rb5 Rh6 40. g4 Rd6+ 41. Ke4 Rg6 42. g5 Rc6 43. Kd4 Rd6+ 44. Kc3 Rc6 45. d4 Rd6 
46. Re5+ Kf8 47. c5 bxc5 48. dxc5 Ra6 49. Kb3 a4+ 50. Ka3 Ra5 51. c6 Ra7 52. Rc5 Rc7 53. Kxa4 Ke7 54. Kb5 1-0

[Event "ARA Cto de Aragon por Equipos Division de Honor Global"]
[Site "Aragon"]
[Date "2021.06.05"]
[Round "10.22"]
[White "Salamero Pelay, Fernando"]
[Black "Garreta Crespo, Blas"]
[Result "1-0"]
[WhiteElo "2059"]
[BlackElo "1767"]
[PlyCount "0"]
[WhiteTeam "Atletismo Huesca"]
[BlackTeam "Monzon"]
[EventDate "2021.03.13"]

1. e4 d5 2. exd5 Qxd5 3. Nc3 Qd6 4. d4 Nf6 5. Nf3 a6 { B01 Scandinavian Defense: Bronstein Variation } 
6. g3 Bg4 7. Bg2 Nc6 8. O-O e6 9. h3 Bxf3 10. Qxf3 Be7 11. Bf4 Qd7 12. d5 Nd4 13. Qd3 c5 14. dxe6 fxe6 15. Ne4 Nd5 
16. Be5 O-O 17. Bxd4 cxd4 18. Qxd4 Rfd8 19. Rfd1 Qc7 20. Qa4 Qb6 21. Qb3 Qxb3 22. axb3 Nb4 23. c3 Nd3 24. Rd2 b6 
25. b4 Ne5 26. Rad1 Rxd2 27. Rxd2 Rd8 28. Rxd8+ Bxd8 29. f4 Nd3 30. Bf1 Nxb2 31. Bxa6 Nd1 32. Bc4 Kf7 33. f5 Bf6 
34. Bxe6+ Ke7 35. Nxf6 Kxf6 36. c4 Nc3 37. Kf2 g6 38. g4 h5 39. Ke3 h4 40. c5 gxf5 41. cxb6 fxg4 42. b7 g3 
43. b8=Q g2 44. Kf2 1-0

[Event "ARA Cto Aragon Equipos Division Honor"]
[Site "Aragon"]
[Date "2021.05.01"]
[Round "6.10"]
[White "Ramiro Ovejero, Juan Luis"]
[Black "Carraminana Lopez, Luis Antonio"]
[Result "1-0"]
[WhiteElo "2345"]
[BlackElo "1922"]
[PlyCount "65"]
[EventDate "2021.??.??"]
[EventType "team"]
[EventRounds "10"]
[EventCountry "ESP"]
[WhiteTeam "Jaime Casas"]
[BlackTeam "Teruel"]

1. Nf3 d5 2. c4 e6 3. d4 Nf6 4. Nc3 a6 5. c5 b6 6. cxb6 cxb6 7. Bg5 Be7 8. e3
O-O 9. Bd3 Bb7 10. O-O Nc6 11. Rc1 Rc8 12. Qe2 b5 13. a4 b4 14. Nb1 a5 15. Nbd2
Ne8 16. Bxe7 Qxe7 17. Nb3 Nd6 18. Ne5 f6 19. Bxh7+ Kxh7 20. Qh5+ Kg8 21. Ng6
Qe8 22. Nc5 Ne7 23. Qh8+ Kf7 24. Nxf8 Qxf8 25. Qh5+ Kg8 26. Nxe6 Qf7 27. Qxf7+
Kxf7 28. Rxc8 Bxc8 29. Nc5 Nb7 30. Rc1 Nc6 31. Nd3 Nbd8 32. Rc5 Be6 33. Nf4 1-0

[Event "ARA Cto Aragon Equipos Division Honor"]
[Site "Aragon"]
[Date "2021.05.01"]
[Round "6.11"]
[White "Arpa Pardos, Emilio"]
[Black "Maza Broto, Pablo"]
[Result "0-1"]
[WhiteElo "1905"]
[BlackElo "2026"]
[PlyCount "48"]
[EventDate "2021.??.??"]
[EventType "team"]
[EventRounds "10"]
[EventCountry "ESP"]
[WhiteTeam "Teruel"]
[BlackTeam "Jaime Casas"]

1. Nf3 Nf6 2. c4 e6 3. Nc3 d5 4. d4 Be7 5. Bg5 O-O 6. e3 c6 7. Bd3 Nbd7 8. Rc1
dxc4 9. Bxc4 b5 10. Bd3 Bb7 11. O-O a6 12. Qe2 c5 13. Rfd1 c4 14. Bb1 Qa5 15.
Ne5 b4 16. Bxf6 Nxf6 17. Nxc4 Qc7 18. e4 bxc3 19. e5 Nd5 20. Bxh7+ Kxh7 21.
Rxc3 Nxc3 22. Qh5+ Kg8 23. Rd3 Ne2+ 24. Kf1 Nf4 0-1